<The> Economic studies <an> independent monthly journal of socio-economic outlook and trend
Enregistré dans:
| Format: | Publication en série |
|---|---|
| Langue: | anglais |
| Publié: |
Calcutta
Economic Studies and Journals Pub. Co.
|
| Tags: |
Pas de tags, Soyez le premier à ajouter un tag!
|
MARC
| LEADER | 00000nas1a2200000$$$4500 | ||
|---|---|---|---|
| 001 | 0016523 | ||
| 005 | 20250730114821.2 | ||
| 041 | 0 | |a eng | |
| 044 | |a IN | ||
| 245 | 1 | 0 | |a <The> Economic studies |b <an> independent monthly journal of socio-economic outlook and trend |
| 264 | 1 | |a Calcutta |b Economic Studies and Journals Pub. Co. | |